Statistics for EVERY FNF FRIDAY NIGHT FUNKIN' CHARACTER (UNUSED BONUS)

Click here to take the quiz!

General Stats

  • This quiz has been taken 107 times
  • The average score is 13 of 19

Answer Stats

HintAnswer% Correct
This is the dad. The guy who wants to protect his daughter from her Boyfriend. Will he beat him?Daddy Dearest
99%
THIS is the player. The blue-haired arrow-singing 19-year-old who wants to date his Girlfriend.Boyfriend
94%
This character is a the red-dressed girl, one of the main characters. She likes Dr. Pepper and her Boyfriend.Girlfriend
94%
It's Spooky Month!!!! This Pumpkin boy is the above's friend who also likes spooooOooOkinessss!!Pump
94%
It's spooky month!!! This boy who appears as a skeleton is an 8-year-old who is likes SPOOOooOoOOky things!Skid
94%
Yoooo! The original 1999 red-headed boy from his game, Pico's School. He is in Friday Night Funkin' with his gun and his microphone. An old friend that you know!Pico
90%
This Demon monster is not ordinary. But he gets called the lemon-headed monster that tricked the spooky kids!Monster
88%
You are in trouble, because MOM IS HERE! Try beating this demon M.I.L.F, because it will take you a WHILE!!Mommy Mearest
87%
Like Hating Simulator, well this guy has you covered. This fanboy with his girls love Girlfriend, try and beat him.Senpai
82%
These are helping out with the above, until the red-headed kid shows up and kills them...Tankmen
81%
No need for week 5, type down HIHI
78%
This guy appears in the intro, icon grid, that's right, from his series TANKMEN!!!Tankman
76%
Oh no! That guy turned into a ghost, QUICK, TO KILL HIM TYPE HIS NAME ----------------------->Spirit
64%
CassetteCassette Girl
60%
The Mom is SUREEEE rich! She can afford these dancers in the backround!!Henchmen
52%
From a game Ninja Muffin previously worked on, RITZ!!Ritz The Rat
39%
The guy EVERYONE likes, our hero from Madness Combat!!!Hank J. Wimbleton
33%
The sock that was snuck in by BrandyLucky Boy
28%
Obsessive freaks who love Hating sim guyBG Freaks
16%

Score Distribution

Percentile by Number Answered

Percent of People with Each Score

Your Score History

You have not taken this quiz